| 000 | 00645nam a2200157 a 4500 | ||
|---|---|---|---|
| 001 | 5230 | ||
| 003 | CDMR | ||
| 005 | 20130607133237.0 | ||
| 008 | 130130s2004||||||||||||||||||||||||||||d | ||
| 020 | _a8447527735 | ||
| 040 |
_aCDMR _bcat _cCDMR |
||
| 245 | 0 | 0 |
_aMemòria de la Transició a Espanya i a Catalunya _b: els mitjans de comunicació _cRafael Aracil, Andreu Mayayo, Antoni Segura (editors) ; autors: Carmen Alcalde, Pedro Altares, Eduardo Alvarez Puga ... [et al.] |
| 260 |
_aBarcelona _c2004 _bUniversitat de Barcelona. Centre d'Estudis Històrics Internacional |
||
| 650 | 0 | 4 |
_93703 _aEspanya _xHistòria _y1975-1982, Transició |
| 942 |
_cMON _2udc |
||
| 999 |
_c5230 _d5230 |
||